[Event "Panchavati op 2nd"]
[Site "Panchavati"]
[Date "2016.05.21"]
[Round "8"]
[White "Bhogal, Rupesh"]
[Black "Shashwat, Chakraborty"]
[Result "0-1"]
[WhiteElo "1777"]
[BlackElo "1872"]
[PlyCount "64"]
[EventDate "2016.05.17"]
[EventType "swiss"]
[EventRounds "10"]
[EventCountry "IND"]
[SourceTitle "CBM 172 Extra"]
[Source "ChessBase"]
[SourceDate "2016.06.21"]
[SourceVersion "1"]
[SourceVersionDate "2016.06.21"]
[SourceQuality "1"]

1. e4 e5 2. Nf3 Nc6 3. Bb5 a6 4. Ba4 Nf6 5. 0-0 Be7 6. Re1 b5 7. Bb3 0-0 8. c3 d5 9. exd5 Nxd5 10. Nxe5 Nxe5 11. Rxe5 c6 12. d4 Bd6 13. Re1 Qh4 14. g3 Qh3 15. Be3 Bg4 16. Qd3 Rae8 17. Qf1 Qh5 18. Nd2 f5 19. f4 Kh8 20. Qf2 Nxe3 21. Rxe3 Rxe3 22. Qxe3 Re8 23. Be6 Bxf4 24. Qxf4 Rxe6 25. Rf1 h6 26. Rf2 Kh7 27. Nf1 Bh3 28. Qd2 Qe8 29. Qf4 Re1 30. Qd2 Qe4 31. a3 Bxf1 32. Rxf1 Re2 0-1

[Event "Panchavati op 2nd"]
[Site "Panchavati"]
[Date "2016.05.19"]
[Round "4"]
[White "Bhogal, Rupesh"]
[Black "Nitish, Belurkar"]
[Result "0-1"]
[WhiteElo "1777"]
[BlackElo "2305"]
[PlyCount "76"]
[EventDate "2016.05.17"]
[EventType "swiss"]
[EventRounds "10"]
[EventCountry "IND"]
[SourceTitle "CBM 172 Extra"]
[Source "ChessBase"]
[SourceDate "2016.06.21"]
[SourceVersion "1"]
[SourceVersionDate "2016.06.21"]
[SourceQuality "1"]

1. e4 e6 2. d4 d5 3. Nc3 Nf6 4. Bg5 Be7 5. e5 Nfd7 6. h4 c5 7. Bxe7 Kxe7 8. f4 Nc6 9. Nf3 Qb6 10. Qd2 cxd4 11. Nb5 a6 12. Nbxd4 Qxb2 13. Rd1 Nc5 14. Nxc6+ bxc6 15. Qa5 Ne4 16. Qc7+ Bd7 17. Nd2 Rhc8 18. Qa5 Qxc2 19. Qa3+ Qc5 20. Qf3 Qc3 21. Bd3 Nxd2 22. Rxd2 Rab8 23. Ke2 Rb2 24. Rhd1 c5 25. Qg4 Kf8 26. Rxb2 Qxb2+ 27. Rd2 Qa3 28. Bxh7 Bb5+ 29. Kf2 Qc1 30. Rd1 Qb2+ 31. Ke1 Qxa2 32. Rd2 Qa1+ 33. Rd1 Qc3+ 34. Kf2 d4 35. Re1 Qd2+ 36. Kg1 Qxe1+ 37. Kh2 Qe2 38. Qg5 Bc6 0-1

[Event "Mumbai Wealth op"]
[Site "Mumbai"]
[Date "2016.02.03"]
[Round "7"]
[White "Adarsh, Tripathi"]
[Black "Bhogal, Rupesh"]
[Result "0-1"]
[WhiteElo "1518"]
[BlackElo "1730"]
[PlyCount "78"]
[EventDate "2016.01.28"]
[EventType "swiss"]
[EventRounds "9"]
[EventCountry "IND"]
[SourceTitle "CBM 170 Extra"]
[Source "ChessBase"]
[SourceDate "2016.02.25"]
[SourceVersion "1"]
[SourceVersionDate "2016.02.25"]
[SourceQuality "1"]

1. e4 d6 2. d4 Nf6 3. Nc3 c6 4. f4 Qa5 5. Bd2 e5 6. Nf3 Bg4 7. dxe5 dxe5 8. Bc4 Nbd7 9. Nd5 Qd8 10. Nxf6+ Qxf6 11. h3 Bxf3 12. Qxf3 exf4 13. Qxf4 Be7 14. Qxf6 Bxf6 15. 0-0-0 b5 16. Bb3 Nc5 17. Rhe1 Nxb3+ 18. cxb3 0-0-0 19. Be3 a6 20. Bc5 Be5 21. b4 Rhe8 22. Rxd8+ Kxd8 23. Kc2 Kd7 24. Re3 Ke6 25. Rd3 Ra8 26. g4 a5 27. bxa5 Rxa5 28. Ra3 Rxa3 29. bxa3 Bd6 30. Bxd6 Kxd6 31. Kb3 Kc5 32. a4 bxa4+ 33. Kxa4 Kc4 34. a3 c5 35. g5 h6 36. Ka5 Kb3 37. h4 c4 38. e5 hxg5 39. hxg5 g6 0-1

[Event "Mumbai Wealth op"]
[Site "Mumbai"]
[Date "2016.02.01"]
[Round "5"]
[White "Bhogal, Rupesh"]
[Black "Kulkarni, Vikramaditya"]
[Result "0-1"]
[WhiteElo "1730"]
[BlackElo "2297"]
[PlyCount "72"]
[EventDate "2016.01.28"]
[EventType "swiss"]
[EventRounds "9"]
[EventCountry "IND"]
[SourceTitle "CBM 170 Extra"]
[Source "ChessBase"]
[SourceDate "2016.02.25"]
[SourceVersion "1"]
[SourceVersionDate "2016.02.25"]
[SourceQuality "1"]

1. e4 c5 2. c3 g6 3. f4 e5 4. Nf3 exf4 5. d4 Bh6 6. Bc4 Nf6 7. 0-0 Nxe4 8. dxc5 0-0 9. Qd4 d5 10. Bxd5 Nf6 11. c4 Na6 12. a3 Nxd5 13. cxd5 Qc7 14. c6 bxc6 15. dxc6 Rd8 16. Qc4 Qb6+ 17. Kh1 Nc5 18. Nc3 Ba6 19. Qa2 Bxf1 20. Bd2 Nb3 21. Rxf1 Nxd2 22. Nxd2 Rxd2 23. Ne4 Rxg2 24. Kxg2 Qxc6 25. Re1 Re8 26. Kf3 Kg7 27. b4 f5 28. Qb2+ Kg8 29. Kf2 fxe4 30. Rc1 e3+ 31. Kg1 e2 32. Re1 f3 33. Qb3+ Kf8 34. b5 Qc5+ 35. Kh1 Qf2 36. Qb4+ Re7 0-1

[Event "Mumbai Mayors Cup 5th"]
[Site "Mumbai"]
[Date "2012.06.07"]
[Round "1"]
[White "Rahman, Ziaur"]
[Black "Bhogal, Rupesh"]
[Result "1-0"]
[WhiteElo "2520"]
[BlackElo "1705"]
[PlyCount "79"]
[EventDate "2012.06.07"]
[EventType "swiss"]
[EventRounds "11"]
[EventCountry "IND"]
[SourceTitle "CBM 148 Extra"]
[Source "ChessBase"]
[SourceDate "2012.06.22"]
[SourceVersion "1"]
[SourceVersionDate "2012.06.22"]
[SourceQuality "1"]

1. d4 d5 2. Nf3 Nf6 3. c4 e6 4. g3 Nbd7 5. Qc2 c5 6. cxd5 Nxd5 7. Nc3 Nb4 8. Qd1 cxd4 9. Nxd4 Nf6 10. Ndb5 Nbd5 11. Bg2 a6 12. Nd4 Bb4 13. Bd2 0-0 14. 0-0 Bxc3 15. bxc3 Qc7 16. Rc1 Rd8 17. Nb3 b5 18. c4 bxc4 19. Ba5 Nb6 20. Rxc4 Rxd1 21. Rxc7 Rxf1+ 22. Kxf1 Nbd5 23. Rc1 Bd7 24. Ke1 Bb5 25. Nd4 h5 26. e4 Ne7 27. Rc5 Rc8 28. Rxc8+ Nxc8 29. Nxb5 axb5 30. f3 Nd7 31. Bf1 Nd6 32. Bc7 Nc4 33. a4 Na3 34. axb5 Nc2+ 35. Kf2 Nd4 36. b6 Nc5 37. Bd6 Ndb3 38. e5 g6 39. Bc4 Nb7 40. Bxb3 1-0